Utópia pre realistov : Ako vytvoriť ideálny svet /

Guardado en:
Detalles Bibliográficos
Autor principal: Bregman, Rutger (Autor)
Formato: Libro
Lenguaje:eslovaco
Publicado: Bratislava : N Press, 2021
Edición:1. vydanie
Materias:
Etiquetas: Agregar Etiqueta
Sin Etiquetas, Sea el primero en etiquetar este registro!

MARC

LEADER 00000nam a22000003a 4500
001 0103678
003 SK-STU
005 20230724215000.5
007 ta
008 230724s ----xo-----e------000-0-----d
020 |a 9788082300287 
040 |a STU  |b slo 
041 0 |a slo 
044 |a xo 
100 1 |a Bregman, Rutger  |4 aut 
245 1 0 |a Utópia pre realistov :  |b Ako vytvoriť ideálny svet /  |c aut. Rutger Bregman 
250 |a 1. vydanie 
260 |a Bratislava :  |b N Press,  |c 2021 
300 |a 340 s. 
650 0 7 |a filozofia 
650 0 7 |a spoločnosť 
650 0 7 |a sociológia 
650 0 7 |a práca 
650 0 7 |a psychológia 
996 |b 284AU09780  |c A* 13141/U  |l AAKNST  |s P  |a 0  |w 0103678_0001 
996 |b 284AU09781  |c A* 13142/U  |l AAKNAR  |s A  |a 24  |w 0103678_0002